Central Library OPAC University of Rajshahi

Understanding India's economy : (Record no. 2835)

MARC details
000 -LEADER
fixed length control field 00700nam a2200241 a 4500
001 - CONTROL NUMBER
control field 2835
003 - CONTROL NUMBER IDENTIFIER
rucl marc code BD-RjUL
005 - DATE AND TIME OF LATEST TRANSACTION
control field 20211208233628.0
008 - FIXED-LENGTH DATA ELEMENTS--GENERAL INFORMATION
fixed length control field 160921s1973 ii b 000 0 eng u
035 ## - SYSTEM CONTROL NUMBER
System control number (BD-RjUL)2862
040 ## - CATALOGING SOURCE
Transcribing agency ORL
Modifying agency m.c.
Original cataloging agency BD-RjUL
Language of cataloging eng
041 ## - LANGUAGE CODE
Language code of text/sound track or separate title eng
082 ## - DEWEY DECIMAL CLASSIFICATION NUMBER
Edition number 23
Classification number 330.954
Author mark and year BHU 1973
100 1# - MAIN ENTRY--PERSONAL NAME
Personal name Bhattacharyya, Dhires.
9 (RLIN) 8263
245 10 - TITLE STATEMENT
Title Understanding India's economy :
Remainder of title a course of analysis /
Statement of responsibility, etc. Dhires Bhattacharyya.
250 ## - EDITION STATEMENT
Edition statement 5th ed. (rev.)
260 ## - PUBLICATION, DISTRIBUTION, ETC. (IMPRINT)
Place of publication, distribution, etc. Calcutta :
Name of publisher, distributor, etc. Progressive Publishers,
Date of publication, distribution, etc. 1973.
300 ## - PHYSICAL DESCRIPTION
Pagination v. ;
Size 22 cm.
504 ## - BIBLIOGRAPHY, ETC. NOTE
Bibliography, etc Includes bibliographies.
505 ## - FORMATTED CONTENTS NOTE
Formatted contents note Vol. 1--
650 ## - SUBJECT ADDED ENTRY--TOPICAL TERM
Topical term or geographic name as entry element Economic conditions
Geographic subdivision India
9 (RLIN) 157107
942 ## - ADDED ENTRY ELEMENTS (KOHA)
Source of classification or shelving scheme Dewey Decimal Classification
Koha item type Books
Holdings
Lost status Source of classification or shelving scheme Damaged status Not for loan Collection code Permanent Location Current Location Shelving location Date acquired Source of acquisition Total Checkouts Full call number Date last seen Copy number Koha item type
  Dewey Decimal Classification     Non-fiction Central Library, University of Rajshahi Central Library, University of Rajshahi   04/02/1974 India Govt.   330.954 BHU V-1 1973 21/09/2016 C-2 Books
  Dewey Decimal Classification     Non-fiction Central Library, University of Rajshahi Central Library, University of Rajshahi   04/02/1974 India Govt.   330.954 BHU V-1 1973 15/10/2016 C-3 Books